Loading...
Kalidasa Bibliography
| Main Author: | |
|---|---|
| Format: | Printed Book |
| Language: | English |
| Published: |
New Delhi
Heritage
1976
|
| Subjects: |
| LEADER | 00637nam a2200253 a 4500 | ||
|---|---|---|---|
| 001 | adlib96000001 | ||
| 003 | ViArRB | ||
| 005 | 20151026131239.0 | ||
| 008 | 960221s1955 dcuabcdjdbkoqu001 0deng d | ||
| 020 | |||
| 022 | |||
| 040 | |a Adlib | ||
| 082 | |a 891.2-1KAL:016 | ||
| 245 | |a Kalidasa Bibliography | ||
| 250 | |||
| 260 | |a New Delhi |b Heritage |c 1976 | ||
| 300 | |a xxxv, 412 p. | ||
| 500 | |a | ||
| 100 | |a Narang, Satyapal | ||
| 700 | |||
| 942 | |c BK |6 _ | ||
| 653 | |a Bibliography | ||
| 999 | |c 23395 |d 23395 | ||
| 952 | |0 0 |1 0 |4 0 |6 89121KAL016_NAR |7 0 |9 34982 |a UL |b UL |d 2010-06-16 |o 891.2-1KAL:016 NAR |p 00010081 |r 2010-06-16 |w 2010-06-16 |y BK | ||